| 000 | 00687nam a22001577a 4500 | ||
|---|---|---|---|
| 003 | OSt | ||
| 005 | 20161125161101.0 | ||
| 008 | 161125b xxu||||| |||| 00| 0 eng d | ||
| 040 | _cRUA | ||
| 082 | _aAGR CHH 2015 B538 Or. | ||
| 100 |
_911392 _aCHHOUN THEARA; ឈន់ ធារ៉ា |
||
| 245 | _aComparison of maize varieties on labansiek soil condition in Snol district soil condition kratie province; ប្រៀបធៀបពូជពោតក្នុងលក្ខណ្ឌដីឡាបានសៀកក្នុងស្រុកស្នូល ខេត្តក្រចេះ | ||
| 260 |
_aPhnom Penh _bRUA _c2015 |
||
| 300 |
_axii; 44p; _bill; _c29cm |
||
| 942 |
_2ddc _cAGR |
||
| 999 |
_c10952 _d10952 |
||